Statistiques concernant Compte à rebours - de 100 à 0 en une minute! (français)

Cliquez ici pour prendre le quiz!

Statistiques générales

  • Ce quiz a été pris 601 fois
  • Le résultat moyen est 67 sur 101

Statistiques - réponses

Chiffre% Correct
100
100%
99
99%
97
98%
98
98%
91
96%
92
96%
93
96%
94
96%
95
96%
96
96%
83
94%
84
94%
85
94%
86
94%
87
94%
88
94%
89
94%
90
94%
81
93%
82
93%
79
91%
80
91%
77
90%
78
90%
71
89%
72
89%
73
89%
74
89%
75
89%
76
89%
67
88%
68
88%
69
88%
70
88%
66
87%
64
85%
65
85%
61
83%
62
83%
63
83%
60
81%
57
80%
58
80%
59
80%
55
79%
56
79%
54
77%
52
76%
53
76%
51
75%
50
73%
49
70%
47
69%
48
69%
46
67%
45
66%
44
64%
43
63%
42
62%
41
61%
40
60%
39
58%
37
57%
38
57%
36
56%
34
55%
35
55%
33
52%
32
51%
31
50%
30
49%
29
47%
28
46%
26
45%
27
45%
25
44%
24
41%
22
39%
23
39%
21
38%
20
37%
19
36%
18
35%
17
34%
15
32%
16
32%
14
31%
13
29%
12
28%
10
26%
11
26%
8
25%
9
25%
4
23%
5
23%
6
23%
7
23%
3
22%
2
21%
0
20%
1
20%

Distribution des résultats

Percentile par nombre de réponses

% des personnes avec chaque résultat

Votre développement - résultats

Vous n’avez pas pris ce quiz